000 00535nam a2200193 4500
999 _c11892
_d11892
008 210113b ||||| |||| 00| 0 eng d
020 _cRs.45.00
041 0 _ahin
082 0 0 _a891.43
_bM6843
100 _93451
_aMitra, Bimal
245 1 0 _aBeech mein hai nadi /
_cby Bimal Mitra
245 1 0 _aबीच में है नदी /
_cबिमल मित्र
250 _a1st ed.
260 _aDelhi :
_bSanmarg prakashan,
_c1992.
300 _a95 p.
365 _bINR 45.00
650 0 _aHindi fiction
942 _2ddc
_cBK